000
00249nam a2200109Ia 4500
008
220204s9999 xx 000 0 und d
082
_a
032
_b
KOT
245
0
_a
State and nation building
260
_a
Bombay
_b
Allied
_c
1976
700
_a
R
942
_c
BK
999
_c
27696
_d
27696